000 00702nam a2200229Ia 4500
003 OSt
005 20220928140440.0
006 a|||||r|||| 00| 0
007 ta
008 220927b |||||||| |||| 00| 0 eng d
024 _a8361
037 _cTextual
040 _aSDCL
_cSDCL
_beng
041 _2eng
_aeng
082 _aX:75:(B).673'N7, L6
100 _aHawrylyshyn Oli Au.
_9495157
245 0 _aPlaning for economic development
_b The construction and use of a multisectoral model for tunisia.
260 _c1976
700 _a Martens Andre Au.
_9495158
942 _hX:75:(B).673'N7, L6
_cTEXL
_2CC
999 _c811303
_d811303